| 000 | 00970nas a2200289 4500 | ||
|---|---|---|---|
| 001 | BR2013006195 | ||
| 003 | BR-BrBNA | ||
| 005 | 20231205122741.0 | ||
| 007 | ta | ||
| 008 | 230509b bl.|||p| |||| 00| 00por d | ||
| 040 |
_aBR-BrBNA _bpor _cBiblioteca Nacional de Agricultura |
||
| 041 | _a(En) | ||
| 072 | _aP32; P33 | ||
| 100 | 1 | _aFerreira, C.A. | |
| 100 | 1 | _aSilva, A.C. | |
| 100 | 1 | _aTorrado, P.V. | |
| 100 | 1 | _aRocha, W.W. | |
| 245 | 1 | _aGenesis and classification of oxisols in a highland toposequence of the upper Jequitinhonha Valley (MG) | |
| 650 | _aCLASSIFICAÇÃO DO SOLO | ||
| 650 | _aGÊNESE DO SOLO | ||
| 650 | _aPROPRIEDADE FÍSICO-QUÍMICA | ||
| 650 | _aÓXIDO DE CARBONO | ||
| 773 | 0 |
_tRevista Brasileira de Ciência do Solo (Brazil) _xISSN 0100-0683 _g(Jan-Feb 2010), v. 34(1) p. 195-209 _wBR2013006195 |
|
| 856 | 4 | 0 | _uhttp://www.scielo.br/pdf/rbcs/v34n1/a20v34n1.pdf |
| 909 |
_a202311 _bLúcia _c55 _dLúcia Elande |
||
| 942 |
_2AGRIS _n0 _cANA |
||
| 999 |
_c230343 _d230343 |
||